000 00850cam a2200229 a 4500
001 000002585
005 20200929150222.0
008 720427s1972 nyu 000 0 spa
040 _aDO-SdBNP
_bspa
_cBNPHU
082 _a808.5
_bC289c, 1972
100 1 _aCarnegie, Dale,
_d1888-1955.
_98142
240 1 4 _aThe quick and easy way to efective speaking.
_lEspañol.
245 1 4 _aEl camino fácil y rápido para hablar eficazmente. /
_cDale Carnegie, Dorothy Carnegie; traducción de Antero Sanz.
250 _a7a ed.
260 _aBuenos Aires, :
_bSudamericana,
_c1972.
300 _a213 p. ;
_c20 cm.
534 _aTítulo original :
_tThe quick and easy way to efective speaking
650 4 _aHablar en público
_98143
650 4 _aPresentaciones de negocios
_98144
700 1 _aCarnegie, Dorothy.
_98145
700 1 _aAntero Sanz, Luis.
_etr.
_98146
999 _c2421
_d2421